<?xml version="1.0" encoding="UTF-8"?>
<record
    xmlns:xsi="http://www.w3.org/2001/XMLSchema-instance"
    xsi:schemaLocation="http://www.loc.gov/MARC21/slim http://www.loc.gov/standards/marcxml/schema/MARC21slim.xsd"
    xmlns="http://www.loc.gov/MARC21/slim">

  <leader>00449cam a2200181   4500</leader>
  <controlfield tag="005">20251110150746.0</controlfield>
  <datafield tag="020" ind1=" " ind2=" ">
    <subfield code="a">0582442214 (v. 1)</subfield>
  </datafield>
  <datafield tag="082" ind1=" " ind2=" ">
    <subfield code="a">547 FIN</subfield>
  </datafield>
  <datafield tag="100" ind1="1" ind2=" ">
    <subfield code="a">Finar, I. L.</subfield>
    <subfield code="9">380</subfield>
  </datafield>
  <datafield tag="245" ind1="0" ind2="0">
    <subfield code="a">Organic Chemistry</subfield>
  </datafield>
  <datafield tag="250" ind1=" " ind2=" ">
    <subfield code="a">6th ed.</subfield>
  </datafield>
  <datafield tag="260" ind1=" " ind2=" ">
    <subfield code="a">London:</subfield>
    <subfield code="b">Longman,</subfield>
    <subfield code="c">1973-</subfield>
  </datafield>
  <datafield tag="300" ind1=" " ind2=" ">
    <subfield code="a">v.962</subfield>
    <subfield code="b">illus.</subfield>
  </datafield>
  <datafield tag="505" ind1="1" ind2=" ">
    <subfield code="a">v. 1. The fundamental principles.</subfield>
  </datafield>
  <datafield tag="650" ind1=" " ind2="0">
    <subfield code="a">Chemistry, Organic.</subfield>
    <subfield code="9">284</subfield>
  </datafield>
  <datafield tag="650" ind1=" " ind2="7">
    <subfield code="a">Quimica Organica</subfield>
    <subfield code="9">756</subfield>
  </datafield>
  <datafield tag="942" ind1=" " ind2=" ">
    <subfield code="c">BK</subfield>
  </datafield>
  <datafield tag="999" ind1=" " ind2=" ">
    <subfield code="c">153</subfield>
    <subfield code="d">153</subfield>
  </datafield>
  <datafield tag="952" ind1=" " ind2=" ">
    <subfield code="0">0</subfield>
    <subfield code="1">0</subfield>
    <subfield code="7">0</subfield>
    <subfield code="8">NFIC</subfield>
    <subfield code="a">IC</subfield>
    <subfield code="b">IC</subfield>
    <subfield code="c">GEN</subfield>
    <subfield code="d">2015-02-22</subfield>
    <subfield code="g">4361.00</subfield>
    <subfield code="l">0</subfield>
    <subfield code="o">547 FIN</subfield>
    <subfield code="p">003641</subfield>
    <subfield code="r">2022-11-17 00:00:00</subfield>
    <subfield code="w">2015-02-22</subfield>
    <subfield code="y">BK</subfield>
  </datafield>
  <datafield tag="952" ind1=" " ind2=" ">
    <subfield code="0">0</subfield>
    <subfield code="1">0</subfield>
    <subfield code="7">0</subfield>
    <subfield code="8">NFIC</subfield>
    <subfield code="a">IC</subfield>
    <subfield code="b">IC</subfield>
    <subfield code="c">GEN</subfield>
    <subfield code="d">2025-07-29</subfield>
    <subfield code="e">Donation  - Dr  S  Ranmal Gunatilake</subfield>
    <subfield code="g">4361.00</subfield>
    <subfield code="h">6th</subfield>
    <subfield code="l">0</subfield>
    <subfield code="o">547 FIN</subfield>
    <subfield code="p">007653</subfield>
    <subfield code="r">2025-07-29 10:45:18</subfield>
    <subfield code="w">2025-07-29</subfield>
    <subfield code="y">BK</subfield>
  </datafield>
</record>
